000 00974nam a2200229Ia 4500
999 _c55906
_d55906
001 23004
003 GE_BSU
005 20230622154638.0
008 181216s1986||||ge |||||||||||||| ||geo||
040 _cGE_BSU
041 _ageo
080 _a82.0(075.8) ლ-68
245 _aლიტერატურის თეორიის საფუძვლები :
_bსახელმძღვ. /
_cმ. დუდუჩავა და სხვ.
250 _aმე-3 შევსებული და გადამუშავებული გამოცემა
264 _aთბილისი :
_bგანათლება,
_c1986.
300 _a501 გვ. ;
_c22 სმ.
541 _h2ლ.60თ.
653 _aლიტერატურის თეორიის საფუძვლები
653 _aსახელმძღვანელო
700 _aდუდუჩავა, მ.
_eავტორი
_918901
942 _cBK
_2udc